Rusko znižuje odvody

Začiatok reforiem v Rusku - daňové reformy - schválenie balíka návrhov daňových zákonov. Ušetrené financie sa môžu využiť na investície alebo zvýšenie miezd. Návrh na zníženie tzv. jednotnej sociálnej dane. Útok na čiernu prácu. Dodatočné ropné príjmy čiastočne zneutralizujú výpadok príjmov štátneho...

Descripción completa

Guardado en:
Detalles Bibliográficos
Autor principal: Schönwiesner, Roman
Formato: Capítulo de libro
Lenguaje:eslovaco
Materias:
Etiquetas: Agregar Etiqueta
Sin Etiquetas, Sea el primero en etiquetar este registro!

MARC

LEADER 00000naa$a2200000$$$4500
001 0007607
005 20231009074540.3
041 0 |a slo 
044 |a SK 
245 1 0 |a Rusko znižuje odvody  |c aut. Roman Schönwiesner 
520 |a Začiatok reforiem v Rusku - daňové reformy - schválenie balíka návrhov daňových zákonov. Ušetrené financie sa môžu využiť na investície alebo zvýšenie miezd. Návrh na zníženie tzv. jednotnej sociálnej dane. Útok na čiernu prácu. Dodatočné ropné príjmy čiastočne zneutralizujú výpadok príjmov štátneho rozpočtu. Dôchodková reforma. 
610 2 0 |a reformy daňové 
610 2 0 |a reformy dôchodkové 
610 2 0 |a zaťaženie daňové 
610 2 0 |a ropa 
610 2 0 |a odvody 
610 2 0 |a Rusko 
100 1 |a Schönwiesner, Roman